<?xml version="1.0" encoding="UTF-8"?>
<record
    xmlns:xsi="http://www.w3.org/2001/XMLSchema-instance"
    xsi:schemaLocation="http://www.loc.gov/MARC21/slim http://www.loc.gov/standards/marcxml/schema/MARC21slim.xsd"
    xmlns="http://www.loc.gov/MARC21/slim">

  <leader>00380nam a2200133 a 4500</leader>
  <controlfield tag="001">4178</controlfield>
  <controlfield tag="003">CDMR</controlfield>
  <controlfield tag="005">20130116135253.0</controlfield>
  <controlfield tag="008">130130s2004||||||||||||||||||||||||||||d</controlfield>
  <datafield tag="040" ind1=" " ind2=" ">
    <subfield code="a">CDMR</subfield>
    <subfield code="b">cat</subfield>
    <subfield code="c">CPC GIRONA</subfield>
  </datafield>
  <datafield tag="245" ind1=" " ind2="0">
    <subfield code="a">Catal&#xE0; per a periodistes de les Terres de l'Ebre</subfield>
    <subfield code="c">Varis</subfield>
  </datafield>
  <datafield tag="260" ind1=" " ind2=" ">
    <subfield code="c">2004</subfield>
    <subfield code="b">Associaci&#xF3; d'Universitat d'Estiu de les Terres de l'Ebre</subfield>
  </datafield>
  <datafield tag="942" ind1=" " ind2=" ">
    <subfield code="c">MON</subfield>
  </datafield>
  <datafield tag="999" ind1=" " ind2=" ">
    <subfield code="c">4178</subfield>
    <subfield code="d">4178</subfield>
  </datafield>
  <datafield tag="952" ind1=" " ind2=" ">
    <subfield code="0">0</subfield>
    <subfield code="1">0</subfield>
    <subfield code="4">0</subfield>
    <subfield code="7">0</subfield>
    <subfield code="8">REF</subfield>
    <subfield code="a">GIRONA</subfield>
    <subfield code="b">GIRONA</subfield>
    <subfield code="d">2010-12-03</subfield>
    <subfield code="l">0</subfield>
    <subfield code="o">Bn 125</subfield>
    <subfield code="p">GIRONA1311613096</subfield>
    <subfield code="r">2013-01-16</subfield>
    <subfield code="w">2013-01-16</subfield>
    <subfield code="y">MON</subfield>
  </datafield>
  <datafield tag="952" ind1=" " ind2=" ">
    <subfield code="0">0</subfield>
    <subfield code="1">0</subfield>
    <subfield code="4">0</subfield>
    <subfield code="7">1</subfield>
    <subfield code="a">TARRAGONA</subfield>
    <subfield code="b">TARRAGONA</subfield>
    <subfield code="d">2013-07-22</subfield>
    <subfield code="l">0</subfield>
    <subfield code="o">PLL1</subfield>
    <subfield code="p">TARRAGONA13076804</subfield>
    <subfield code="r">2013-07-22</subfield>
    <subfield code="w">2013-07-22</subfield>
    <subfield code="y">MON</subfield>
  </datafield>
</record>
